000 00434nam a2200145Ia 4500
008 231129s2001||||xx |||||||||||||| ||spa||
020 _a958-682-357-1
040 _bspa
082 _a079.861 L925c
100 _aLozano Puche Felipe
245 0 _aConspiracion en los puertos: Relatos de una liquidacion
260 _c2001
264 _aContralorí­a General de la República
942 _2ddc
_cBKS
999 _c7950
_d7950